laufey songs, but only the most distinct word is listed - Statistics

General Stats
  • This quiz has been taken 136 times
  • The average score is 6 of 15
Answer Stats
Hint Answer % Correct
(No words at all) Nocturne
68%
Glass Fragile
63%
Coffee Let You Break My Heart Again
58%
Monologue Bored
49%
Monopoly Street By Street
48%
Typical Someone New
47%
Reverie Forget-Me-Not
46%
Grandiose Mr. Eclectic
41%
Neon Above The Chinese Restaurant
40%
Embers A Night To Remember
37%
Tolerated Best Friend
32%
Coiled A Cautionary Tale
30%
Haze What Love Will Do To You
25%
Cosmic Serendipity
20%
Enweakened Clean Air
15%
No matching quizzes found
Score Distribution
Percent of People with Each Score
Percentile by Number Answered
Your Score History
You have not taken this quiz